Defiance in Manchuria : The making of Japanese foreign policy, 1931-1932

The author explores the question of why Japan followed an expansionist foreign policy that worked to her own destruction. He has chosen to examine the Manchurian Affair of 1931 because it marks the beginning of Japan's uncontrolled expansion on the Asian continent, and also because "here a...

Celý popis

Uloženo v:
Podrobná bibliografie
Hlavní autor: Ogata, Sadako N.
Médium: Kniha
Jazyk:Undetermined
Vydáno: Berkeley University of California Press 1964
Témata:
Tagy: Přidat tag
Žádné tagy, Buďte první, kdo otaguje tento záznam!
Thư viện lưu trữ: Trung tâm Học liệu Trường Đại học Cần Thơ
LEADER 01021nam a2200241Ia 4500
001 CTU_111917
008 210402s9999 xx 000 0 und d
020 |c 79.99 
082 |a 327.52 
082 |b O.34 
100 |a Ogata, Sadako N. 
245 0 |a Defiance in Manchuria : 
245 4 |b The making of Japanese foreign policy, 1931-1932 
245 0 |c Sadako N. Ogata 
260 |a Berkeley 
260 |b University of California Press 
260 |c 1964 
520 |a The author explores the question of why Japan followed an expansionist foreign policy that worked to her own destruction. He has chosen to examine the Manchurian Affair of 1931 because it marks the beginning of Japan's uncontrolled expansion on the Asian continent, and also because "here are found the origins of later maladies." 
650 |a Manchuria (China),Mãn Châu (Trung Quốc) 
650 |x History,Lịch sử 
650 |y 1931-1945,1931-1945 
904 |i Năm 
980 |a Trung tâm Học liệu Trường Đại học Cần Thơ